000 00784cam a22002891 4500
001 sa 68017630
003 DLC
005 20260227112704.0
008 890621s1966 ii c 000 0 hino
010 _asa 68017630
035 _a(OCoLC)19906982
040 _aDLC
_cWaU
_dDLC
042 _apremarc
050 0 0 _aDS423
_b.H5
110 2 _aHindī Pracāra Sabhā Haidarābāda.
245 1 0 _aKāryakarttā paricaya-grantha.
260 _c[1966]
300 _a220 p.
_bports.
_c22 cm.
500 _aIn Hindi.
650 0 _aHindi language.
651 0 _aIndia
_xLanguages.
650 0 _aLanguage and languages
_xPolitical aspects.
700 1 _aVidyalankrita, Sushila Devi.
700 1 _aPandey, Rajkishor,
_d1920-
700 1 _aNārāyanarāva, N.
700 0 _aJayantī.
999 _c87839
_d87839